Le Metamorfosi Vol.2 i grandi classici latine e greci

Wedi'i Gadw mewn:
Manylion Llyfryddiaeth
Prif Awdur: Ovideo
Fformat: Llyfr
Iaith:anh
Cyhoeddwyd: Fabbri Editore
Tagiau: Ychwanegu Tag
Dim Tagiau, Byddwch y cyntaf i dagio'r cofnod hwn!

MARC

LEADER 00000nam a2200000Ia 4500
001 R-2079
003 CODICE-MESSINA
005 20260212102526.0
008 260211s9999 xx 000 0 und d
040 |c importazione_messina 
100 |a Ovideo 
245 0 |a Le Metamorfosi  
245 0 |b Vol.2 i grandi classici latine e greci 
260 |b Fabbri Editore 
942 |2 ddc  |c BK 
952 |0 0  |1 0  |2 ddc  |4 0  |6 SCAFFALE_15_000000000000000__STANZA_3__LETTERATURA  |7 0  |9 32920  |a ME  |b ME  |d 2026-02-11  |l 0  |o SCAFFALE 15 - STANZA 3 - LETTERATURA  |p R-2079  |r 2026-02-11 23:53:29  |w 2026-02-11  |x [REVISIONARE]  |y BK 
999 |c 28587  |d 28587